Faculty of Law Library — Cairo University

Official Online Catalog

Les Pratiques De La Guerre Aérienne Dans Le Conflit De 1914 Et Le Droit Des Gens / (Record no. 64861)

MARC details
000 -LEADER
fixed length control field 01111nam a2200313 i 4500
003 - CONTROL NUMBER IDENTIFIER
control field EG-GICUC
005 - DATE AND TIME OF LATEST TRANSACTION
control field 20260304021752.0
008 - FIXED-LENGTH DATA ELEMENTS--GENERAL INFORMATION
fixed length control field 260304b1916 fr ||||fr|||| 000 0 fre d
040 ## - CATALOGING SOURCE
Original cataloging agency EG-GiCUC
Language of cataloging fre
Transcribing agency EG-GiCUC
Modifying agency EG-GiCUC
Description conventions Rda
041 ## - LANGUAGE CODE
Language code of text/sound track or separate title fre
082 04 - DEWEY DECIMAL CLASSIFICATION NUMBER
Edition number 21
Classification number 341.63
Item number RO . P
092 04 - LOCALLY ASSIGNED DEWEY CALL NUMBER (OCLC)
Edition number 21
099 ## - LOCAL FREE-TEXT CALL NUMBER (OCLC)
Classification number Law1 11 341.63 RO . P 1916
100 1# - MAIN ENTRY--PERSONAL NAME
Personal name Rolland, Louis
Relator term Auteur
245 14 - TITLE STATEMENT
Title Les Pratiques De La Guerre Aérienne Dans Le Conflit De 1914 Et Le Droit Des Gens /
Statement of responsibility, etc. Par Louis Rolland.
264 #1 - PRODUCTION, PUBLICATION, DISTRIBUTION, MANUFACTURE, AND COPYRIGHT NOTICE
Place of production, publication, distribution, manufacture Paris :
Name of producer, publisher, distributor, manufacturer A. Pedone, Éditeur,
Date of production, publication, distribution, manufacture, or copyright notice 1916.
300 ## - PHYSICAL DESCRIPTION
Extent 122 page ;
Dimensions 24 cm.
Other physical details illustration ;
336 ## - CONTENT TYPE
Source rda contenu
Content type term texte
337 ## - MEDIA TYPE
Source rda medias
Media type term Ordinateur
338 ## - CARRIER TYPE
Source transporteur rda
Carrier type term Ressource en ligne
500 ## - GENERAL NOTE
General note Extrait De La Revue Générale De Droit International Public
504 ## - BIBLIOGRAPHY, ETC. NOTE
Bibliography, etc. note Bibliography: pages 200-250. 240-220
546 ## - LANGUAGE NOTE
Language note Texte en français
650 14 - SUBJECT ADDED ENTRY--TOPICAL TERM
Topical term or geographic name entry element Conduite de la guerre
Source of heading or term qrmak
General subdivision (armes et méthodes de guerre)
651 1# - SUBJECT ADDED ENTRY--GEOGRAPHIC NAME
Source of heading or term qrmak
856 40 - ELECTRONIC LOCATION AND ACCESS
Uniform Resource Identifier <a href="https://fll.law.cu.edu.eg/fulltext/bks/B11-08837.pdf">https://fll.law.cu.edu.eg/fulltext/bks/B11-08837.pdf</a>
905 ## - Cataloger and Reviser Names
Cataloger Name: Hager Mohamed
942 ## - ADDED ENTRY ELEMENTS (KOHA)
Source of classification or shelving scheme Dewey Decimal Classification
Koha item type Books
Edition 21
Suppress in OPAC No
Holdings
Withdrawn status Lost status Source of classification or shelving scheme Damaged status Not for loan Collection Home library Current library Date acquired Total checkouts Full call number Barcode Date last seen Copy number Price effective from Koha item type
    Dewey Decimal Classification   Not for loan القانون الدولي العام جــــامعة القــاهرة مكتبة كلية الحقوق - المبنى الرئيسي 04.03.2026   Law1 11 341.63 RO . P 1916 1108837 C1 B11-08837 04.03.2026 C1 04.03.2026 Books

© All rights reserved — Faculty of Law, Cairo University